| 000 | 00511nam a2200145 4500 | ||
|---|---|---|---|
| 999 |
_c15304 _d15304 |
||
| 008 | 200520b ||||| |||| 00| 0 eng d | ||
| 022 | _a2094-8042 | ||
| 082 | _aDPer 370.105 M72 June 2010-Mar 2011 v. 59 n. 1-10 | ||
| 100 |
_aParungao, Grace C. _942143 |
||
| 245 |
_aFive target areas in measuring the intangibles/ _cGrace C. Parungao. |
||
| 260 |
_aPhilippines: _bIn the Grade School, Inc., _cc2010-2011. |
||
| 300 |
_av59 n1, page 34: _billustrations; _c28 cm. |
||
| 650 |
_aTeaching. _942142 |
||
| 942 |
_2ddc _cPER |
||